| 000 | 01888nam a2200433 i 4500 | ||
|---|---|---|---|
| 001 | DIGCSIC0706 | ||
| 003 | NyNyDIG | ||
| 007 | cr ||||||||||| | ||
| 008 | 240115s2023 sp b ob 001 0 spa d | ||
| 006 | m o d | ||
| 035 | _a(OCoLC)1417821391 | ||
| 040 |
_aDGITA _beng _erda _epn _cDGITA |
||
| 020 |
_a9788400111762 _qeBook |
||
| 020 | _z9788400111755 | ||
| 024 | 7 |
_a833-23-102-8 _qeNIPO _2nipo |
|
| 024 | 7 |
_z833-23-101-2 _2nipo |
|
| 043 | _ae-sp--- | ||
| 050 | 1 | 4 | _aHE363.S64 ebook |
| 100 | 1 |
_aDuo Ramila, Diana, _eauthor. |
|
| 245 | 1 | 3 |
_aLa red viaria en la Galicia de la Ilustración / _cDiana Duo Ramila. |
| 264 | 1 |
_aSantiago de Compostela : _bConsejo Superior de Investigaciones Científicas, Xunta de Galicia : _bInstituto de Estudios Gallegos Padre Sarmiento, _c2023. |
|
| 300 |
_a1 online resource : _bmap. |
||
| 336 |
_atext _btxt _2rdacontent |
||
| 337 |
_acomputer _bc _2rdamedia |
||
| 338 |
_aonline resource _bcr _2rdacarrier |
||
| 347 |
_atext file _2rdaft |
||
| 347 | _bPDF | ||
| 490 | 1 |
_aMonografías de Cuadernos de estudios gallegos ; _v19 |
|
| 504 | _aIncludes bibliographical references and indexes. | ||
| 588 | 0 | _aOnline resource; title from PDF title page (Digitalia, viewed January 15, 2024) | |
| 650 | 0 |
_aRoads _zSpain _zGalicia (Region) _xHistory _y18th century. |
|
| 791 | 2 |
_aDigitalia (Firm), _edistributor. |
|
| 793 | 0 |
_gDigitalia eBook Collection: _aEditorial CSIC |
|
| 776 | 0 | 8 |
_iPrint version: _aDuo Ramila, Diana. _tRed viaria en la Galicia de la Ilustración. _dSantiago de Compostela : Consejo Superior de Investigaciones Científicas, Xunta de Galicia : Instituto de Estudios Gallegos Padre Sarmiento, [2023] _z9788400111755 |
| 830 | 0 |
_aCuadernos de estudios gallegos. _pMonografías ; _v19. |
|
| 856 | 4 | 0 |
_3Digitalia Hispánica _uhttps://www.digitaliapublishing.com/a/131923/ |
| 910 | _aPremium collection: 2024 | ||
| 942 | _cRAA | ||
| 999 |
_c282079 _d282079 |
||